000 00600nam a2200181Ia 4500
008 090124s9999 xx 000 0 und d
082 _b35388
100 _aवाडकर अलका
245 _a यशस्वी मुलाखतीसाठी
250 _a1
260 _bउन्मेष प्रकाशन
_c1998
300 _a101
600 _aवाडकर अलका
630 _a यशस्वी मुलाखतीसाठी
700 _aवाडकर अलका
730 _a यशस्वी मुलाखतीसाठी
942 _cBOOK
999 _c101387
_d101387